Normal view
MARC view
- Kreisle, Bill
Entry Personal Name
001 - CONTROL NUMBER
- control field: 106749
003 - CONTROL NUMBER IDENTIFIER
- control field: NUST
005 - DATE AND TIME OF LATEST TRANSACTION
- control field: 20230104114937.0
008 - FIXED-LENGTH DATA ELEMENTS
- fixed length control field: 230104|| aca||aabn | a|a d
040 ## - CATALOGING SOURCE
- Original cataloging agency: NUST
- Transcribing agency: NUST
100 ## - HEADING--PERSONAL NAME
- Personal name: Kreisle, Bill
670 ## - SOURCE DATA FOUND
- Source citation: Work cat.: (NUST)185852: Kreisle, Bill., Teach yourself--Lotus Notes 4 /, 1996.
